X-Men Movies Quiz Stats

 Plays Quiz Updated Jun 6, 2019

Score 0/12 Timer 02:00
0 Plays Today
Year Movies % Correct
2000X-Men
98.1%
2003X-Men 2
92.9%
2013The Wolverine
90.5%
2014X-Men: Days of Future Past
86.2%
2011X-Men: First Class
80.9%
2017Logan
78.5%
2016X-Men: Apocalypse
78.3%
2019Dark Phoenix
75.7%
2009X-Men Origins: Wolverine
75.5%
2006X-Men: The Last Stand
74.8%
2018Deadpool 2
61.8%
2016Deadpool
60.8%

You're not logged in!

Compare scores with friends on all Sporcle quizzes.
OR
Log In

Sporcle TV

Today on Sporcle TV


Watch our educational content, quiz creation guides, and fun videos on Sporcle TV.

Show Comments

Extras

Top Quizzes Today


Score Distribution

Your Account Isn't Verified!

In order to create a playlist on Sporcle, you need to verify the email address you used during registration. Go to your Sporcle Settings to finish the process.

Report this User

Report this user for behavior that violates our Community Guidelines.

Details: